Business finance. / (Record no. 17979)
[ view plain ]
| 000 -LEADER | |
|---|---|
| fixed length control field | 00746nam a22003257a 4500 |
| 003 - CONTROL NUMBER IDENTIFIER | |
| control field | OSt |
| 005 - DATE AND TIME OF LATEST TRANSACTION | |
| control field | 20140311161021.0 |
| 008 - FIXED-LENGTH DATA ELEMENTS--GENERAL INFORMATION | |
| fixed length control field | 130207t xxu||||| |||| 00| 0 eng d |
| 020 ## - INTERNATIONAL STANDARD BOOK NUMBER | |
| International Standard Book Number | 9711202628 |
| 050 ## - LIBRARY OF CONGRESS CALL NUMBER | |
| Classification number | HG 173 |
| Item number | .M516 2004 |
| 100 ## - MAIN ENTRY--PERSONAL NAME | |
| Personal name | Mejorada, Nenita D. |
| 245 ## - TITLE STATEMENT | |
| Title | Business finance. / |
| Statement of responsibility, etc | Mejorada, Nenita D. |
| 250 ## - EDITION STATEMENT | |
| Edition statement | 2nd ed. |
| 260 ## - PUBLICATION, DISTRIBUTION, ETC. (IMPRINT) | |
| Place of publication, distribution, etc | Quezon City : |
| Name of publisher, distributor, etc | JMC Press, |
| Date of publication, distribution, etc | 2004. |
| 300 ## - PHYSICAL DESCRIPTION | |
| Extent | 290 p : |
| Dimensions | 25 cm. |
| Other physical details | ill ; |
| 521 ## - TARGET AUDIENCE NOTE | |
| Target audience note | |
| 562 ## - COPY AND VERSION IDENTIFICATION NOTE | |
| Number of copies | 10 |
| 650 ## - SUBJECT ADDED ENTRY--TOPICAL TERM | |
| Topical term or geographic name as entry element | Business finance. |
| 942 ## - ADDED ENTRY ELEMENTS (KOHA) | |
| Source of classification or shelving scheme | Library of Congress Classification |
| Koha item type | Books |
| Call number prefix | Local |
| Withdrawn status | Lost status | Source of classification or shelving scheme | Damaged status | Home library | Current library | Shelving location | Date acquired | Source of acquisition | Total Checkouts | Total Renewals | Full call number | Barcode | Date last seen | Date checked out | Copy number | Price effective from | Koha item type |
|---|---|---|---|---|---|---|---|---|---|---|---|---|---|---|---|---|---|
| Library of Congress Classification | Archives | Archives | 12/06/2013 | Donation | 1 | HG 173 .M516 2004 | C7407 | 09/11/2018 | 09/11/2018 | 3 | 12/06/2013 | Books | |||||
| Library of Congress Classification | Archives | Archives | 12/06/2013 | Donation | HG 173 .M516 2004 | C10312 | 05/08/2018 | 8 | 12/06/2013 | Books | |||||||
| Library of Congress Classification | Archives | Archives | 12/06/2013 | Donation | HG 173 .M516 2004 | C7406 | 05/08/2018 | 9 | 12/06/2013 | Books | |||||||
| Library of Congress Classification | Archives | Archives | 12/06/2013 | Donation | HG 173 .M516 2004 | C7405 | 05/08/2018 | 10 | 12/06/2013 | Books | |||||||
| Library of Congress Classification | College Library | College Library | Filipiniana Section | 12/06/2013 | Library Fund | 1 | 5 | HG 173 .M516 2004 | C7404 | 09/17/2019 | 08/03/2019 | 1 | 12/06/2013 | Books | |||
| Library of Congress Classification | College Library | College Library | Filipiniana Section | 12/06/2013 | Library Fund | 3 | 12 | HG 173 .M516 2004 | C7408 | 12/09/2019 | 11/12/2019 | 2 | 12/06/2013 | Books | |||
| Library of Congress Classification | College Library | College Library | Filipiniana Section | 12/06/2013 | Library Fund | HG 173 .M516 2004 | C0148 | 05/08/2018 | 4 | 12/06/2013 | Books |